15 primeros españoles en la NBA - Estadísticas

Estadísticas generales
  • Esta prueba ha sido intentada 860 veces
  • La puntuación promedio es 10 de 15
Estadísticas de respuestas
Año draft/debut Jugador % Correcto
2001 Pau Gasol
100%
2008 Marc Gasol
99%
2011 Ricky Rubio
87%
2008 Rudy Fernández
80%
2016 Willy Hernangómez
78%
2016 Juancho Hernangómez
77%
2005 José Manuel Calderón
75%
2007 Juan Carlos Navarro
75%
2009 Serge Ibaka
71%
2006 Sergio Rodríguez
63%
1986 Fernando Martín
60%
2006 Jorge Garbajosa
49%
2016 Álex Abrines
42%
2012 Víctor Claver
40%
2003 Raül López
35%
No se encontraron pruebas coincidentes
Distribución de puntuación
Porcentaje de gente con cada puntuación
Porcentaje por número respondido
Historial de tus puntuaciones
No has intentado esta prueba.